[Event "GRE-chT 49th"]
[Site "Thessaloniki"]
[Date "2022.08.14"]
[Round "4"]
[White "Milovanovic, Ninoslav"]
[Black "Papakonstantinou, Dimitrios1111"]
[Result "1/2-1/2"]
[WhiteElo "1982"]
[BlackElo "2032"]
[PlyCount "60"]
[EventDate "2022.08.12"]
[EventType "team-swiss"]
[EventRounds "7"]
[EventCountry "GRE"]
[SourceTitle "EXT 2024"]
[Source "ChessBase"]
[SourceDate "2023.10.10"]
[SourceVersion "1"]
[SourceVersionDate "2023.10.10"]
[SourceQuality "1"]
[WhiteTeam "Thessaloniki Chan"]
[BlackTeam "Patras EA"]
[WhiteTeamCountry "GRE"]
[BlackTeamCountry "GRE"]

1. c4 e5 2. Nc3 Nc6 3. g3 f5 4. Bg2 g6 5. d3 Bg7 6. Nf3 d6 7. 0-0 Nge7 8. Bd2 h6 9. Rb1 0-0 10. b4 Be6 11. b5 Nb8 12. Ne1 Qc8 13. f4 Nd7 14. Nd5 Rf7 15. a4 c6 16. bxc6 bxc6 17. Nxe7+ Rxe7 18. Qc1 e4 19. Bc3 Nc5 20. a5 Qc7 21. Bxg7 Kxg7 22. Qc3+ Kh7 23. d4 Nd7 24. Nc2 Ree8 25. Rb2 Rab8 26. Rfb1 Rxb2 27. Rxb2 Rb8 28. Rxb8 Qxb8 29. Ne3 Qc7 30. h3 Nb8 1/2-1/2

[Event "GRE-chT 49th"]
[Site "Thessaloniki"]
[Date "2022.08.12"]
[Round "1"]
[White "Trimitzios, Petros"]
[Black "Milovanovic, Ninoslav"]
[Result "1-0"]
[WhiteElo "2369"]
[BlackElo "1982"]
[PlyCount "93"]
[EventDate "2022.08.12"]
[EventType "team-swiss"]
[EventRounds "7"]
[EventCountry "GRE"]
[SourceTitle "EXT 2024"]
[Source "ChessBase"]
[SourceDate "2023.10.10"]
[SourceVersion "1"]
[SourceVersionDate "2023.10.10"]
[SourceQuality "1"]
[WhiteTeam "Larisas"]
[BlackTeam "Thessaloniki Chan"]
[WhiteTeamCountry "GRE"]
[BlackTeamCountry "GRE"]

1. Nf3 d5 2. d4 Nf6 3. c4 e6 4. g3 Be7 5. Bg2 0-0 6. 0-0 c6 7. Qc2 Nbd7 8. Nbd2 b6 9. e4 dxe4 10. Nxe4 Bb7 11. Ne5 Nxe5 12. dxe5 Nxe4 13. Bxe4 g6 14. Be3 Qc7 15. f4 c5 16. Qg2 Bxe4 17. Qxe4 Rad8 18. Rac1 Rd7 19. b3 Rfd8 20. g4 Qb7 21. Qxb7 Rxb7 22. f5 Rd3 23. Rce1 Rbd7 24. Re2 Rd1 25. f6 Bd8 26. Rxd1 Rxd1+ 27. Kg2 Bc7 28. Bf2 Rd3 29. Bg3 Kf8 30. Kf2 Ke8 31. Ke1 Rd4 32. h3 Rd3 33. Kf2 a5 34. Kg2 a4 35. bxa4 Ra3 36. a5 Rxa5 37. h4 Ra3 38. Rc2 h5 39. gxh5 gxh5 40. Bf4 Rd3 41. Kf2 Kd7 42. Rc1 Ra3 43. Rg1 Rxa2+ 44. Ke3 b5 45. Rg7 bxc4 46. Rxf7+ Kc6 47. Re7 1-0

[Event "GRE-chT Online Rapid op 1st"]
[Site "Tornelo INT"]
[Date "2021.02.21"]
[Round "6.26"]
[White "Milovanovic, Ninoslav"]
[Black "Papadokonstantakis, Hristos"]
[Result "1-0"]
[WhiteElo "1983"]
[BlackElo "1239"]
[PlyCount "57"]
[EventDate "2021.02.20"]
[EventType "team-swiss (rapid)"]
[EventRounds "9"]
[EventCountry "GRE"]
[SourceTitle "EXT 2023"]
[Source "ChessBase"]
[SourceDate "2022.10.05"]
[SourceVersion "1"]
[SourceVersionDate "2022.10.05"]
[SourceQuality "1"]

1. a3 e5 2. d3 d5 3. g3 Nf6 4. Bg2 Bf5 5. c4 dxc4 6. Bxb7 Nbd7 7. dxc4 Rb8 8. Bg2 Nb6 9. Qxd8+ Rxd8 10. b3 Bc5 11. Bb2 Bd4 12. Bxd4 exd4 13. Nf3 d3 14. exd3 Rxd3 15. 0-0 Rxb3 16. Re1+ Be6 17. Nd4 Rd3 18. Nxe6 fxe6 19. a4 Nxc4 20. Bf1 Rd4 21. Nc3 Nb6 22. Rxe6+ Kf7 23. Rc6 Nfd5 24. a5 Nxc3 25. axb6 Nd5 26. bxa7 Ra8 27. Bc4 Ke7 28. Ra5 Rd1+ 29. Kg2 1-0

[Event "GRE-chT Online Rapid op 1st"]
[Site "Tornelo INT"]
[Date "2021.02.20"]
[Round "1.34"]
[White "Drivas, Georgios I"]
[Black "Milovanovic, Ninoslav"]
[Result "0-1"]
[WhiteElo "1077"]
[BlackElo "1983"]
[PlyCount "74"]
[EventDate "2021.02.20"]
[EventType "team-swiss (rapid)"]
[EventRounds "9"]
[EventCountry "GRE"]
[SourceTitle "EXT 2023"]
[Source "ChessBase"]
[SourceDate "2022.10.05"]
[SourceVersion "1"]
[SourceVersionDate "2022.10.05"]
[SourceQuality "1"]

1. e4 g6 2. d4 Bg7 3. Nc3 d6 4. Be3 a6 5. f3 b5 6. Qd2 Nd7 7. 0-0-0 Bb7 8. h4 h5 9. a3 Rc8 10. Nge2 c5 11. d5 Qa5 12. Na2 Qxd2+ 13. Rxd2 Ne5 14. c3 Nf6 15. Ng3 Nfd7 16. Be2 Nb6 17. b3 Rb8 18. f4 Ned7 19. f5 Ne5 20. Rf1 Nbd7 21. Bd1 Nf6 22. Rdf2 Nfg4 23. Bxg4 Nxg4 24. Re2 Nxe3 25. Rxe3 Bh6 26. Kd2 0-0 27. Ke2 Bxe3 28. Kxe3 Rbe8 29. Kf4 e6 30. dxe6 fxe6 31. Kg5 exf5 32. exf5 Re3 33. Kf4 Re5 34. Kg5 Kg7 35. Rf2 Be4 36. Nxe4 Rexf5+ 37. Rxf5 Rxf5# 0-1

[Event "Thessaloniki-Chalkidiki CupT"]
[Site "Thessaloniki"]
[Date "2019.03.16"]
[Round "2.1"]
[White "Milovanovic, Ninoslav"]
[Black "Galopoulos, Nikolaos"]
[Result "1/2-1/2"]
[WhiteElo "2116"]
[BlackElo "2362"]
[PlyCount "81"]
[EventDate "2019.02.09"]
[EventType "team-swiss"]
[EventRounds "5"]
[EventCountry "GRE"]
[SourceTitle "EXT 2021"]
[Source "ChessBase"]
[SourceDate "2020.10.23"]
[SourceVersion "1"]
[SourceVersionDate "2020.10.23"]
[SourceQuality "1"]

1. Nf3 Nf6 2. d4 e6 3. Bg5 c5 4. c3 cxd4 5. cxd4 Nc6 6. Nc3 d5 7. e3 Qb6 8. Qb3 Qxb3 9. axb3 Bb4 10. Bd3 Bd7 11. Ke2 Na5 12. Ne5 Nxb3 13. Nxd7 Nxd7 14. Ra4 Bxc3 15. bxc3 b6 16. c4 dxc4 17. Rxc4 f6 18. Bh4 Ke7 19. Rb1 Na5 20. Rc7 Rhc8 21. Rbc1 Rxc7 22. Rxc7 Kd6 23. Bg3+ e5 24. Rc2 g6 25. Bb5 Rd8 26. Bxd7 Rxd7 27. dxe5+ fxe5 28. Rd2+ Ke6 29. Rxd7 Kxd7 30. Bxe5 Nc6 31. Bb2 b5 32. Kd3 a5 33. f4 h5 34. e4 Ke6 35. g3 a4 36. h3 Nb4+ 37. Kc3 Nc6 38. Kd3 Nb4+ 39. Kc3 Nc6 40. Kd3 Nb4+ 41. Kc3 1/2-1/2

[Event "Thessaloniki/Chalkidiki-chT"]
[Site "Thessaloniki/Chalkidiki"]
[Date "2019.01.13"]
[Round "1.1"]
[White "Papakonstantinou, Dimitrios"]
[Black "Milovanovic, Ninoslav"]
[Result "1-0"]
[WhiteElo "2300"]
[BlackElo "2116"]
[PlyCount "119"]
[EventDate "2019.01.13"]
[EventType "team-tourn"]
[EventRounds "9"]
[EventCountry "GRE"]
[SourceTitle "EXT 2020"]
[Source "ChessBase"]
[SourceDate "2019.10.17"]
[SourceVersion "1"]
[SourceVersionDate "2019.10.17"]
[SourceQuality "1"]
[WhiteTeam "Keravnos MAPO"]
[BlackTeam "Kalamarias Han"]
[WhiteTeamCountry "GRE"]
[BlackTeamCountry "GRE"]

1. e4 e5 2. Nf3 Nc6 3. Bb5 a6 4. Ba4 Nf6 5. 0-0 Be7 6. Re1 b5 7. Bb3 0-0 8. h3 d6 9. c3 Na5 10. Bc2 c5 11. d4 Qc7 12. Nbd2 Re8 13. b3 Bf8 14. Bb2 Nc6 15. a3 g6 16. Nf1 Bg7 17. Qd2 Bb7 18. Ng3 Rad8 19. d5 Nb8 20. c4 Nbd7 21. Bd3 bxc4 22. bxc4 Rb8 23. Bc3 Ba8 24. Ba5 Qa7 25. Ne2 Bf8 26. Nc3 Be7 27. Na4 Rb7 28. g3 Reb8 29. Nh2 Kg7 30. Kg2 Bd8 31. Bc3 Ng8 32. Rf1 f6 33. h4 h5 34. g4 hxg4 35. Nxg4 Nf8 36. f4 Rf7 37. Nb2 Qc7 38. Nd1 Bb7 39. Nde3 exf4 40. Rxf4 Nd7 41. h5 g5 42. Rf2 Bc8 43. Raf1 Ne5 44. Be2 Bxg4 45. Bxg4 Nh6 46. Be6 Rf8 47. Qd1 Be7 48. Qa4 Qd8 49. Rd2 Qe8 50. Qxa6 Qxh5 51. Qa7 Rbe8 52. Bxe5 fxe5 53. Rxf8 Kxf8 54. Rf2+ Kg7 55. Qd7 g4 56. Bxg4 Nxg4 57. Nxg4 Kh8 58. Qf5 Qh4 59. Rf3 Qe1 60. Qh5+ 1-0

[Event "GRE-chT 43rd"]
[Site "Porto Rio"]
[Date "2015.10.08"]
[Round "1.13"]
[White "Milovanovic, Ninoslav"]
[Black "Dochev, Dimitar"]
[Result "1/2-1/2"]
[WhiteElo "2177"]
[BlackElo "2396"]
[PlyCount "60"]
[EventDate "2015.10.08"]
[EventType "team-swiss"]
[EventRounds "7"]
[EventCountry "GRE"]
[SourceTitle "CBM 168 Extra"]
[Source "ChessBase"]
[SourceDate "2015.10.29"]
[SourceVersion "1"]
[SourceVersionDate "2015.10.29"]
[SourceQuality "1"]
[WhiteTeam "Kalamarias Han"]
[BlackTeam "OFI"]
[WhiteTeamCountry "GRE"]
[BlackTeamCountry "GRE"]

1. g3 g6 2. Bg2 Bg7 3. c4 d6 4. Nc3 Nf6 5. Nf3 0-0 6. 0-0 Nc6 7. d3 e5 8. Ne1 Re8 9. Nc2 a5 10. Bg5 h6 11. Bxf6 Bxf6 12. a3 Bg7 13. b4 e4 14. Qd2 axb4 15. axb4 Rxa1 16. Rxa1 Qg5 17. Ne3 exd3 18. Bxc6 bxc6 19. Qxd3 Qe5 20. Ra3 Bh3 21. Ncd1 Rb8 22. Ra5 Qd4 23. Qxd4 Bxd4 24. Nc2 Bf6 25. Ra6 Bd7 26. Ra7 Rc8 27. Nde3 Kf8 28. Kg2 Ke8 29. Kf3 Kd8 30. Ke4 Rb8 1/2-1/2

[Event "GRE-chT 43rd"]
[Site "Porto Rio"]
[Date "2015.10.08"]
[Round "2.12"]
[White "Spyropoulos, Georgios"]
[Black "Milovanovic, Ninoslav"]
[Result "0-1"]
[WhiteElo "2152"]
[BlackElo "2177"]
[PlyCount "148"]
[EventDate "2015.10.08"]
[EventType "team-swiss"]
[EventRounds "7"]
[EventCountry "GRE"]
[SourceTitle "CBM 168 Extra"]
[Source "ChessBase"]
[SourceDate "2015.10.29"]
[SourceVersion "1"]
[SourceVersionDate "2015.10.29"]
[SourceQuality "1"]
[WhiteTeam "Patron"]
[BlackTeam "Kalamarias Han"]
[WhiteTeamCountry "GRE"]
[BlackTeamCountry "GRE"]

1. e4 g6 2. d4 Bg7 3. Nf3 d6 4. c3 Nf6 5. Bd3 0-0 6. 0-0 c5 7. Re1 cxd4 8. cxd4 Nc6 9. h3 Qb6 10. d5 Nb4 11. Be3 Qc7 12. Na3 Nd7 13. Bd4 Bxd4 14. Nxd4 Qb6 15. Bf1 Ne5 16. Kh2 Ned3 17. Bxd3 Qxd4 18. Nc2 Qxb2 19. Nxb4 Qxb4 20. Rb1 Qd4 21. Qd2 a5 22. Qe3 Qf6 23. Rb6 Rd8 24. Rc1 a4 25. a3 g5 26. g3 h6 27. Kg2 Ra5 28. Be2 Ra8 29. Rc7 Rd7 30. Rc1 Rd8 31. Bb5 Bd7 32. Rxb7 Bxb5 33. Rxb5 Rdc8 34. Rc6 Rcb8 35. Qd3 Qa1 36. Rxb8+ Rxb8 37. Rc3 Rb1 38. Qd4 Kh7 39. e5 Rg1+ 40. Kf3 Rd1 41. Qe4+ Kg7 42. Rc4 Rxd5 43. Kg2 Rxe5 44. Qd3 Re1 45. Rxa4 Rg1+ 46. Kh2 Rh1+ 47. Kg2 Qg1+ 48. Kf3 Qd1+ 49. Qxd1 Rxd1 50. Re4 Kf6 51. Re3 d5 52. Ke2 Ra1 53. Rb3 e6 54. Kf3 h5 55. g4 hxg4+ 56. hxg4 Ke5 57. Ke3 Rh1 58. Ke2 Ra1 59. Ke3 f6 60. Kf3 Re1 61. a4 Ra1 62. Rb4 Ra3+ 63. Ke2 d4 64. Rb5+ Ke4 65. Rb6 Ra2+ 66. Kd1 Kd5 67. Rb5+ Kc6 68. Rb4 Rxf2 69. Ke1 Rf4 70. a5 d3 71. Rb6+ Kd5 72. Rb5+ Kd4 73. Rb6 e5 74. Rb1 Ke3 0-1

[Event "Thessaloniki Triandria 7th A"]
[Site "Thessaloniki"]
[Date "2014.04.24"]
[Round "3"]
[White "Milovanovic, Ninoslav"]
[Black "Malikentzos, Sotirios"]
[Result "0-1"]
[WhiteElo "2087"]
[BlackElo "2314"]
[PlyCount "132"]
[EventDate "2014.04.22"]
[EventType "swiss"]
[EventRounds "7"]
[EventCountry "GRE"]
[SourceTitle "EXT 2024"]
[Source "ChessBase"]
[SourceDate "2023.10.10"]
[SourceVersion "1"]
[SourceVersionDate "2023.10.10"]
[SourceQuality "1"]

1. d4 d5 2. Nf3 Nf6 3. c4 e6 4. g3 dxc4 5. Bg2 Bb4+ 6. Bd2 c5 7. 0-0 0-0 8. Bxb4 cxb4 9. Ne5 Nc6 10. Bxc6 bxc6 11. Nxc4 Qd5 12. Ne3 Qh5 13. Qe1 a5 14. Nd2 Ba6 15. Nf3 Qb5 16. Ne5 Qxe2 17. Qxe2 Bxe2 18. Rfc1 Bb5 19. Nxc6 Bxc6 20. Rxc6 Rfd8 21. Rd1 Kf8 22. Rc5 Ra7 23. Kf1 Ke7 24. f3 Rdd7 25. Ke2 Rdc7 26. Rdc1 Rd7 27. Rd1 a4 28. Rb5 Rdb7 29. Rxb7+ Rxb7 30. Rc1 Ne8 31. Rc5 a3 32. bxa3 bxa3 33. Nc4 Nd6 34. Nxa3 Ra7 35. Rc3 Nf5 36. Kd3 Ra4 37. Nc2 Rxa2 38. Ra3 Rb2 39. Ra7+ Kf6 40. Kc3 Rxc2+ 41. Kxc2 Nxd4+ 42. Kd3 Nxf3 43. h3 e5 44. Ke3 Nd4 45. Ra6+ Kg5 46. Ke4 f6 47. Rb6 h5 48. Rb7 Nf5 49. Rb3 g6 50. Rd3 h4 51. g4 Ng3+ 52. Ke3 f5 53. gxf5 gxf5 54. Rd5 f4+ 55. Kf3 Kf5 56. Rd8 e4+ 57. Kf2 Nh5 58. Rh8 Kg6 59. Rg8+ Ng7 60. Ke2 Kf6 61. Rf8+ Ke5 62. Rg8 Ne6 63. Rg4 Nd4+ 64. Kf1 Nf5 65. Ke2 Nd4+ 66. Kf1 e3 0-1

[Event "Thessaloniki Triandria op 5th"]
[Site "Thessaloniki"]
[Date "2012.04.21"]
[Round "5"]
[White "Milovanovic, Ninoslav"]
[Black "Papakonstantinou, Dimitrios"]
[Result "1-0"]
[WhiteElo "2119"]
[BlackElo "2096"]
[PlyCount "55"]
[EventDate "2012.04.17"]
[EventType "swiss"]
[EventRounds "7"]
[EventCountry "GRE"]
[SourceTitle "EXT 2014"]
[Source "ChessBase"]
[SourceDate "2013.11.20"]
[SourceVersion "1"]
[SourceVersionDate "2013.11.20"]
[SourceQuality "1"]

1. Nf3 Nf6 2. g3 g6 3. Bg2 Bg7 4. 0-0 0-0 5. b3 Ne4 6. c3 d5 7. Qc2 c5 8. Bb2 Nd6 9. c4 d4 10. b4 Qc7 11. bxc5 Qxc5 12. d3 a5 13. Qa4 e5 14. Nbd2 Bd7 15. Ba3 Qc7 16. Qb3 Bc6 17. Ng5 a4 18. Qb4 Rd8 19. Rab1 h6 20. Nde4 Nxe4 21. Bxe4 Bf8 22. Qb2 Nd7 23. Bxf8 Rxf8 24. Qa3 Ra5 25. Qe7 Rc8 26. Bxc6 bxc6 27. Ne4 Qd8 28. Qxd7 1-0

[Event "Thessaloniki Triandria op 5th"]
[Site "Thessaloniki"]
[Date "2012.04.19"]
[Round "3"]
[White "Milovanovic, Ninoslav"]
[Black "Moshoutas, Nikolaos"]
[Result "1-0"]
[WhiteElo "2119"]
[BlackElo "1879"]
[PlyCount "95"]
[EventDate "2012.04.17"]
[EventType "swiss"]
[EventRounds "7"]
[EventCountry "GRE"]
[SourceTitle "EXT 2014"]
[Source "ChessBase"]
[SourceDate "2013.11.20"]
[SourceVersion "1"]
[SourceVersionDate "2013.11.20"]
[SourceQuality "1"]

1. c4 Nf6 2. g3 g6 3. Bg2 Bg7 4. Nf3 0-0 5. 0-0 d6 6. d3 e5 7. Nc3 Nc6 8. Rb1 h6 9. b4 Ne7 10. b5 Nh7 11. Nd2 f5 12. Qb3 Kh8 13. c5 g5 14. cxd6 cxd6 15. Ba3 Rf6 16. Qb4 a5 17. Qa4 h5 18. Nc4 Rh6 19. b6 h4 20. Nb5 hxg3 21. Ncxd6 gxh2+ 22. Kh1 Qg8 23. Nc7 Rb8 24. Nxc8 Nxc8 25. Qxa5 Nf8 26. Bxf8 Qxf8 27. Rb5 Nd6 28. Rd5 Qf6 29. Qa7 Rg8 30. Nb5 Bf8 31. Nxd6 Bxd6 32. Qxb7 g4 33. Ra5 g3 34. f4 exf4 35. Qd5 Bb8 36. b7 Qe6 37. Ra8 Re8 38. Rc1 Qxd5 39. Bxd5 Rb6 40. Bf3 Kg7 41. Kg2 Rh6 42. Ra5 Ree6 43. Ra8 Re8 44. a4 Rhe6 45. Re1 Bc7 46. a5 R8e7 47. b8Q Bxb8 48. Rxb8 1-0

[Event "Thessaloniki Triandrias 4th"]
[Site "Thessaloniki"]
[Date "2011.04.30"]
[Round "6"]
[White "Milovanovic, Ninoslav"]
[Black "Cook, Michael Antony"]
[Result "1-0"]
[WhiteElo "2128"]
[BlackElo "2016"]
[PlyCount "105"]
[EventDate "2011.04.26"]
[EventType "swiss"]
[EventRounds "7"]
[EventCountry "GRE"]
[SourceTitle "EXT 2024"]
[Source "ChessBase"]
[SourceDate "2023.10.10"]
[SourceVersion "1"]
[SourceVersionDate "2023.10.10"]
[SourceQuality "1"]

1. Nf3 e6 2. g3 f5 3. Bg2 Nf6 4. 0-0 d5 5. d3 c6 6. Bg5 h6 7. Bf4 g5 8. Be5 Nbd7 9. e4 Bg7 10. exf5 exf5 11. Bd6 Kf7 12. c4 Ne8 13. Ba3 Nc7 14. Re1 Re8 15. Rxe8 Qxe8 16. cxd5 cxd5 17. Nc3 g4 18. Nh4 Nb6 19. Rc1 Be6 20. Bd6 Nb5 21. Nxb5 Qxb5 22. b3 Rc8 23. Bf4 h5 24. Bf1 d4 25. Rxc8 Nxc8 26. Qc1 Qc6 27. Qa3 Bf8 28. Qa5 b6 29. Qe5 Bg7 30. Qb8 Bf6 31. Be5 Bd8 32. Ng2 a5 33. Nf4 a4 34. bxa4 Bxa2 35. Bxd4 Qc7 36. Qa8 h4 37. Qa6 Ne7 38. a5 bxa5 39. Qf6+ Ke8 40. Be5 Qc6 41. Qh8+ Kd7 42. gxh4 a4 43. h5 Bb6 44. d4 Qc1 45. Nd3 Qc8 46. Qh6 Qc6 47. Qg7 Bg8 48. Bf6 Qe4 49. Ne5+ Kc8 50. Qf8+ Bd8 51. Bxe7 Bd5 52. Qxd8+ Kb7 53. Qxd5+ 1-0

[Event "Thessaloniki Triandrias 4th"]
[Site "Thessaloniki"]
[Date "2011.04.28"]
[Round "3"]
[White "Karagiannis, Thomas Aristotelis"]
[Black "Milovanovic, Ninoslav"]
[Result "1/2-1/2"]
[WhiteElo "1713"]
[BlackElo "2128"]
[PlyCount "111"]
[EventDate "2011.04.26"]
[EventType "swiss"]
[EventRounds "7"]
[EventCountry "GRE"]
[SourceTitle "EXT 2024"]
[Source "ChessBase"]
[SourceDate "2023.10.10"]
[SourceVersion "1"]
[SourceVersionDate "2023.10.10"]
[SourceQuality "1"]

1. d4 Nf6 2. Bg5 e6 3. e3 b6 4. Nf3 Bb7 5. Nbd2 Be7 6. Bd3 h6 7. Bh4 d6 8. Qe2 g5 9. Bg3 g4 10. Nh4 Rg8 11. h3 Nh5 12. hxg4 Nxg3 13. fxg3 Nd7 14. 0-0-0 Nf6 15. Rdf1 Rg7 16. Nhf3 Nxg4 17. Be4 d5 18. Bd3 Qd6 19. Rh3 0-0-0 20. Nh2 Nxh2 21. Rxh2 c5 22. c3 Rh8 23. Qf2 f5 24. Rh3 Kb8 25. Rfh1 cxd4 26. exd4 Bg5 27. Kc2 Bc8 28. Nf3 Rhg8 29. Nxg5 Rxg5 30. Rxh6 Rxg3 31. R1h2 R3g5 32. R6h5 Rg3 33. R5h3 f4 34. Rh8 e5 35. Rxg8 Rxg8 36. dxe5 Qxe5 37. Rh4 Rf8 38. Qf3 d4 39. Qe4 Qxe4 40. Bxe4 dxc3 41. Kxc3 Bb7 42. Bxb7 Kxb7 43. Rh3 Rg8 44. Rf3 Kc6 45. Rxf4 Rxg2 46. a4 Rg3+ 47. Kc4 a5 48. Rf6+ Kb7 49. b3 Rg5 50. Rh6 Rc5+ 51. Kd4 Rc7 52. Rh5 Rc6 53. Rb5 Rd6+ 54. Kc4 Kc6 55. Rh5 Rg6 56. Rb5 1/2-1/2

[Event "Veroia op"]
[Site "Veroia"]
[Date "2009.??.??"]
[Round "3"]
[White "Milovanovic, Ninoslav"]
[Black "Shavtvaladze, Nikoloz"]
[Result "1/2-1/2"]
[WhiteElo "2190"]
[BlackElo "2452"]
[PlyCount "62"]
[EventDate "2009.08.31"]
[EventType "swiss (rapid)"]
[EventRounds "9"]
[EventCountry "GRE"]
[SourceTitle "EXT 2024"]
[Source "ChessBase"]
[SourceDate "2023.10.10"]
[SourceVersion "1"]
[SourceVersionDate "2023.10.10"]
[SourceQuality "1"]

1. c4 g6 2. Nc3 Bg7 3. g3 Nf6 4. Bg2 0-0 5. e4 c5 6. Nge2 Nc6 7. d3 Ne8 8. h4 d6 9. h5 Nf6 10. hxg6 fxg6 11. f3 Nd7 12. Be3 Nde5 13. Rf1 Nd4 14. f4 Nec6 15. Bg1 Qa5 16. Nc1 Rb8 17. Bxd4 cxd4 18. Nb3 Qb4 19. a3 Qb6 20. Nd5 Qd8 21. Qd2 a5 22. f5 a4 23. Nc1 gxf5 24. exf5 Rxf5 25. Rh1 Ne5 26. Be4 Nf3+ 27. Bxf3 Rxf3 28. Qg5 Kf7 29. Ne2 Bf5 30. Nef4 e6 31. Qxd8 Rxd8 1/2-1/2

[Event "Aegean op 27th"]
[Site "Aghios Kirykos"]
[Date "2004.07.20"]
[Round "9"]
[White "Nikolaou, Georgios"]
[Black "Milovanovic, Ninoslav"]
[Result "1-0"]
[WhiteElo "2244"]
[BlackElo "2263"]
[PlyCount "61"]
[EventDate "2004.07.13"]
[EventType "swiss"]
[EventRounds "9"]
[EventCountry "GRE"]
[SourceTitle "CBM 101 Extra"]
[Source "ChessBase"]
[SourceDate "2004.09.01"]
[SourceVersion "2"]
[SourceVersionDate "2004.09.01"]
[SourceQuality "1"]

1. Nf3 f5 2. d3 Nf6 3. e4 e6 4. e5 Ng8 5. d4 d6 6. Nc3 Be7 7. Bd3 dxe5 8. dxe5 a6 9. Be3 Nc6 10. Qe2 Bb4 11. 0-0 Qe7 12. Na4 Qf8 13. a3 Be7 14. b4 Nd8 15. Rfd1 Nh6 16. Qd2 Nhf7 17. Qc3 Bd7 18. Nc5 Bxc5 19. Bxc5 Qg8 20. Bc4 b6 21. Be3 f4 22. Bxf4 g5 23. Be3 b5 24. Bb3 Rc8 25. Rxd7 Kxd7 26. Rd1+ Ke8 27. Bxe6 Nxe6 28. Qc6+ Kf8 29. Qxe6 Re8 30. Bc5+ Nd6 31. Qf6+ 1-0

[Event "Aegean op 27th"]
[Site "Aghios Kirykos"]
[Date "2004.07.18"]
[Round "7"]
[White "Skaperdas, Kostantinos"]
[Black "Milovanovic, Ninoslav"]
[Result "1/2-1/2"]
[WhiteElo "2217"]
[BlackElo "2263"]
[PlyCount "25"]
[EventDate "2004.07.13"]
[EventType "swiss"]
[EventRounds "9"]
[EventCountry "GRE"]
[SourceTitle "CBM 101 Extra"]
[Source "ChessBase"]
[SourceDate "2004.09.01"]
[SourceVersion "2"]
[SourceVersionDate "2004.09.01"]
[SourceQuality "1"]

1. e4 g6 2. d4 Bg7 3. c3 d6 4. Nf3 Nf6 5. Bd3 0-0 6. 0-0 Bg4 7. Nbd2 Nh5 8. Qb3 Qc8 9. Re1 e5 10. dxe5 dxe5 11. h3 Nf4 12. Bf1 Be6 13. Bc4 1/2-1/2

[Event "Lefkos Pyrgos int 7th"]
[Site "Thessaloniki"]
[Date "2003.12.23"]
[Round "5"]
[White "Milovanovic, Ninoslav"]
[Black "Papadopoulos, Ioannis K"]
[Result "1/2-1/2"]
[WhiteElo "2270"]
[BlackElo "2226"]
[PlyCount "133"]
[EventDate "2003.12.20"]
[EventType "swiss"]
[EventRounds "9"]
[EventCountry "GRE"]
[SourceTitle "CBM 097 Extra"]
[Source "ChessBase"]
[SourceDate "2004.01.13"]
[SourceVersion "1"]
[SourceVersionDate "2004.01.13"]
[SourceQuality "1"]

1. g3 Nf6 2. Bg2 c5 3. c4 Nc6 4. Nc3 g6 5. Nf3 e5 6. 0-0 Bg7 7. d3 0-0 8. Ne1 d6 9. Nc2 Be6 10. Rb1 d5 11. cxd5 Nxd5 12. Ne3 Nde7 13. Qa4 Rb8 14. Qb5 Qa5 15. Qxa5 Nxa5 16. b3 Rfd8 17. Ne4 b6 18. Nc4 Nac6 19. f4 f5 20. Ng5 Bd5 21. Bxd5+ Rxd5 22. fxe5 Nxe5 23. Bf4 N7c6 24. Rbd1 Re8 25. Bxe5 Nxe5 26. Nxe5 Rdxe5 27. e4 fxe4 28. Nxe4 Rd5 29. Rfe1 Red8 30. Re2 Rxd3 31. Rxd3 Rxd3 32. Ng5 Bd4+ 33. Kg2 Re3 34. Rxe3 Bxe3 35. Ne4 Kf7 36. Kf3 Bh6 37. Nc3 Bg7 38. Nb5 a6 39. Nc7 Be5 40. Nd5 b5 41. Ke4 Ke6 42. Ne3 h5 43. Ng2 g5 44. Ne3 g4 45. Ng2 c4 46. bxc4 bxc4 47. Ne3 c3 48. Kd3 Kd6 49. Ke4 Bh8 50. Nc2 Kc5 51. Kd3 Bg7 52. Ke4 Bh6 53. Kd3 Bd2 54. Nd4 Be1 55. Ne6+ Kd6 56. Nf4 h4 57. gxh4 Ke5 58. Ng2 Bd2 59. Ne3 Bxe3 60. Kxe3 Kf5 61. Kd3 Kg6 62. Kxc3 Kh5 63. Kd4 Kxh4 64. Ke4 Kh3 65. Kf4 Kh4 66. a4 a5 67. Ke4 1/2-1/2

[Event "Kavala op 11th"]
[Site "Kavala"]
[Date "2002.08.15"]
[Round "7"]
[White "Berescu, Alin Mile"]
[Black "Milovanovic, Ninoslav"]
[Result "1-0"]
[WhiteElo "2432"]
[BlackElo "2253"]
[PlyCount "75"]
[EventDate "2002.08.10"]
[EventType "swiss"]
[EventRounds "9"]
[EventCountry "GRE"]
[SourceTitle "CBM 089 Extra"]
[Source "ChessBase"]
[SourceDate "2002.09.10"]
[SourceVersion "2"]
[SourceVersionDate "2002.09.10"]
[SourceQuality "1"]

1. e4 g6 2. d4 Bg7 3. Nc3 d5 4. exd5 Nf6 5. Bc4 Nbd7 6. Bb3 Nb6 7. Qf3 a5 8. a4 Bg4 9. Qd3 Bf5 10. Qb5+ Bd7 11. Qe2 Bc8 12. Bg5 0-0 13. Qf3 Bg4 14. Qg3 Bf5 15. Bxf6 Bxf6 16. Nge2 h5 17. h3 Qd7 18. 0-0 h4 19. Qf3 Rad8 20. Rfe1 Kg7 21. Rad1 g5 22. Ne4 Bxe4 23. Qxe4 Nxd5 24. c3 c6 25. Nc1 Nf4 26. Nd3 Nxd3 27. Rxd3 Qd6 28. Rf3 e6 29. Qg4 Rh8 30. Bxe6 Rh6 31. Bb3 c5 32. dxc5 Qxc5 33. Rf5 Qc7 34. Kh1 Qb6 35. f4 Qxb3 36. fxg5 Rh7 37. gxf6+ Kh8 38. Rh5 1-0

[Event "Chalkidiki White Tower op"]
[Site "Chalkidiki"]
[Date "2000.10.06"]
[Round "4"]
[White "Mikac, Matjaz"]
[Black "Milovanovic, Ninoslav"]
[Result "1/2-1/2"]
[WhiteElo "2420"]
[BlackElo "2275"]
[PlyCount "20"]
[EventDate "2000.10.03"]
[EventType "swiss"]
[EventRounds "7"]
[EventCountry "GRE"]
[SourceTitle "EXT 2001"]
[Source "ChessBase"]
[SourceDate "2000.11.22"]
[SourceVersion "1"]
[SourceVersionDate "2000.11.22"]
[SourceQuality "1"]

1. e4 g6 2. d4 Bg7 3. Nc3 d5 4. exd5 Nf6 5. Bc4 Nbd7 6. Bb3 Nb6 7. Qf3 Bg4 8. Qd3 a5 9. a3 a4 10. Ba2 0-0 1/2-1/2